000 00543nam a2200145 i 4500
001 59901
003 ES-MaACL
007 t|
008 031031s1983 sp ||||1| spa d
110 2 _aEscuela Técnica Superior de Ingenieros de Montes (Madrid).
_bCátedra de Planificación.
_93610
245 1 0 _aTratamiento funcional y paisajístico de taludes artificiales /
_ctrabajos de la Escuela Técnica Superior de Ingenieros de Montes.
260 _aMadrid :
_b[s.n.],
_c1983.
300 _a297 p. ;
_c24 cm.
852 _aES-MaACL
_jL-7726
_bR.108004
999 _c59901
_d59901